[Event "III Weekend Accademia"]
[Site "Roma ITA"]
[Date "1998.??.??"]
[Round "5"]
[White "Cattarinich, Benedetto"]
[Black "Tosoni, Augusto"]
[Result "0-1"]
[WhiteElo "1702"]
[BlackElo "1948"]
[PlyCount "78"]
[EventDate "1998.??.??"]

1. d4 Nf6 2. c4 g6 3. Nc3 Bg7 4. e4 d6 5. Nf3 O-O 6. Be2 e5 7. O-O exd4 8. Nxd4
Re8 9. f3 c6 10. Be3 Na6 11. Qd2 d5 12. exd5 cxd5 13. Rad1 Nc7 14. Nb3 Be6 15.
Qc1 Qc8 16. c5 Bd7 17. Rfe1 Bc6 18. Bf4 Ne6 19. Bd6 Qd7 20. Na5 Rac8 21. b4 d4
22. Be5 Nd5 23. Bxg7 Nxc3 24. Qxc3 dxc3 25. Rxd7 Bxd7 26. Bxc3 b6 27. Ba6 bxa5
28. Bxc8 Rxc8 29. a3 axb4 30. axb4 Bb5 31. Rd1 Rd8 32. Rxd8+ Nxd8 33. Kf2 Nc6
34. Ke3 Kf8 35. Ke4 Ke7 36. Kd5 Kd7 37. f4 Bf1 38. g3 Bg2+ 39. Kc4 a6 0-1

[Event "III Weekend Accademia"]
[Site "Roma ITA"]
[Date "1998.??.??"]
[Round "5"]
[White "Chiaretti, Roberto"]
[Black "Verrascina, Roberto"]
[Result "0-1"]
[WhiteElo "2180"]
[BlackElo "2225"]
[PlyCount "74"]
[EventDate "1998.??.??"]

1. e4 g6 2. d4 Bg7 3. Nf3 d6 4. Be2 Nf6 5. Nc3 O-O 6. O-O Nc6 7. d5 Nb8 8. h3
e5 9. Be3 h6 10. Nd2 Nbd7 11. a4 a6 12. a5 Nh7 13. Nc4 f5 14. exf5 gxf5 15. f4
Qh4 16. Qd2 exf4 17. Rxf4 Qg3 18. Rf3 Qh4 19. Rf4 Qf6 20. Re1 Qg6 21. Bd4 Ne5
22. Bf1 Ng5 23. Kh1 Ngf7 24. Ne3 h5 25. Ne2 Ng5 26. Nc3 Bd7 27. Bd3 Rae8 28.
Ref1 Nxd3 29. Qxd3 Ne4 30. Nxe4 fxe4 31. Rxf8+ Bxf8 32. Qc3 c5 33. dxc6 bxc6
34. Rf6 Qg5 35. Qb3+ d5 36. Qb7 Rd8 37. Rf1 Bd6 0-1

[Event "III Weekend Accademia"]
[Site "Roma ITA"]
[Date "1998.??.??"]
[Round "5"]
[White "Ferri, Stefano"]
[Black "Corvi, Marco"]
[Result "0-1"]
[WhiteElo "1933"]
[BlackElo "2320"]
[PlyCount "86"]
[EventDate "1998.??.??"]

1. d4 f5 2. c4 Nf6 3. Nc3 e6 4. Nf3 Bb4 5. e3 b6 6. Be2 Bb7 7. O-O Bxc3 8. bxc3
d6 9. Ng5 Qe7 10. Bf3 c6 11. e4 fxe4 12. Nxe4 Nxe4 13. Bxe4 Nd7 14. d5 cxd5 15.
cxd5 O-O 16. dxe6 Bxe4 17. exd7 Qxd7 18. Qd4 Qg4 19. f3 Rxf3 20. Rxf3 Bxf3 21.
Qxg4 Bxg4 22. Be3 Re8 23. Kf2 Kf7 24. a4 Bc8 25. a5 bxa5 26. Bxa7 Re5 27. Bb6
Rb5 28. Bxa5 Rb2+ 29. Kg1 Kg6 30. Rd1 Bb7 31. Rxd6+ Kf5 32. Rb6 Rxg2+ 33. Kf1
Be4 34. Rb5+ Kf4 35. Rh5 Rb2 36. Bc7+ Ke3 37. Bg3 Rb1+ 38. Be1 Bd3+ 39. Kg2
Rxe1 40. c4 Be4+ 41. Kh3 Rg1 42. c5 g5 43. Rh6 Bf5# 0-1

[Event "III Weekend Accademia"]
[Site "Roma ITA"]
[Date "1998.??.??"]
[Round "5"]
[White "Giorni, Moreno"]
[Black "Guarnieri, Giuseppe"]
[Result "0-1"]
[WhiteElo "1900"]
[BlackElo "1879"]
[PlyCount "86"]
[EventDate "1998.??.??"]

1. e4 e6 2. d4 d5 3. e5 c5 4. c3 Nc6 5. Nf3 Bd7 6. Be2 f6 7. O-O fxe5 8. Nxe5
Nxe5 9. dxe5 Qc7 10. Bf4 g6 11. Re1 Bg7 12. Bf1 Ne7 13. Nd2 O-O 14. Qg4 Rf7 15.
g3 Raf8 16. Nf3 Nf5 17. Bd3 Nh6 18. Qh3 Rxf4 19. gxf4 Rxf4 20. Bf1 Qd8 21. Bg2
Nf5 22. Nd2 Bh6 23. Nf1 Qf8 24. Re2 Bb5 25. Rc2 Qf7 26. Re1 Nh4 27. Re3 Nxg2
28. Kxg2 Kg7 29. Kg1 Rf5 30. Re1 Rf3 31. Ng3 Bd3 32. Ree2 Bxe2 33. Rxe2 Bf4 34.
Nh5+ gxh5 35. Qxf3 Bxh2+ 36. Kg2 Bf4 37. Kg1 Qf5 38. Qg2+ Kf7 39. f3 d4 40.
cxd4 cxd4 41. Re4 Bxe5 42. f4 Bxf4 43. Re2 Be3+ 0-1

[Event "III Weekend Accademia"]
[Site "Roma ITA"]
[Date "1998.??.??"]
[Round "5"]
[White "Lagumina, Giulio"]
[Black "De Vita, Igor"]
[Result "1-0"]
[WhiteElo "2275"]
[BlackElo "2125"]
[PlyCount "93"]
[EventDate "1998.??.??"]

1. d4 Nf6 2. Bg5 d6 3. Bxf6 exf6 4. e3 c6 5. c4 g6 6. g3 Bg7 7. Bg2 Qb6 8. Qd2
Nd7 9. Ne2 f5 10. O-O O-O 11. Nbc3 Nf6 12. Rab1 Be6 13. b3 Rad8 14. Nf4 Rfe8
15. Rfd1 Bh6 16. d5 cxd5 17. Nfxd5 Bxd5 18. Nxd5 Nxd5 19. Qxd5 Rd7 20. c5 Qd8
21. Rbc1 Bf8 22. Qd4 Re6 23. Qa4 a5 24. Qb5 Ree7 25. cxd6 Rxd6 26. Rxd6 Qxd6
27. Qxa5 Rd7 28. Bf3 b6 29. Qb5 Rc7 30. Rxc7 Qxc7 31. Kg2 Qe7 32. Bd5 Qc7 33.
b4 Qd6 34. a3 Kg7 35. Qc4 Qe7 36. h4 Qa7 37. Qc3+ Kg8 38. h5 Qe7 39. Qd4 Qd6
40. a4 Qxb4 41. hxg6 Qxd4 42. gxf7+ Kg7 43. exd4 Bb4 44. Kf3 Kf6 45. Ke3 Ba3
46. Kd3 Bb4 47. Kc4 1-0

[Event "III Weekend Accademia"]
[Site "Roma ITA"]
[Date "1998.??.??"]
[Round "5"]
[White "Marzano, Carlo"]
[Black "Teodorescu, Florin Cornel"]
[Result "0-1"]
[WhiteElo "2185"]
[BlackElo "2235"]
[PlyCount "76"]
[EventDate "1998.??.??"]

1. d4 d6 2. e4 g6 3. f4 Bg7 4. c3 d5 5. e5 h5 6. Be3 Nh6 7. Nf3 c6 8. Nbd2 Qb6
9. b4 Bf5 10. Be2 Nd7 11. h3 Nf8 12. g3 Qc7 13. Nh4 Qd7 14. Nxf5 Nxf5 15. Bf2
f6 16. Nb3 b6 17. Qd3 Kf7 18. Kf1 Ne6 19. Qf3 Raf8 20. Bd3 Ke8 21. Kg2 fxe5 22.
dxe5 Bxe5 23. fxe5 Nh4+ 24. gxh4 Rxf3 25. Kxf3 Rf8+ 26. Ke3 c5 27. Bxg6+ Kd8
28. bxc5 Qa4 29. Nd4 Nxd4 30. cxd4 bxc5 31. Ke2 Qb5+ 32. Ke3 cxd4+ 33. Kxd4
Rxf2 34. Ke3 Qc5+ 35. Kd3 Qc2+ 36. Kd4 Qxg6 37. Rhd1 Qe4+ 38. Kc5 Qc4# 0-1

[Event "III Weekend Accademia"]
[Site "Roma ITA"]
[Date "1998.??.??"]
[Round "5"]
[White "Mastroddi, Emiliano"]
[Black "Vannelli, Vittorio"]
[Result "1-0"]
[WhiteElo "1780"]
[BlackElo "1735"]
[PlyCount "59"]
[EventDate "1998.??.??"]

1. d4 Nf6 2. c4 d6 3. Nf3 Bf5 4. Nc3 Nbd7 5. Qb3 Qc8 6. g3 c6 7. Bg2 Ne4 8. O-O
Nxc3 9. bxc3 Nf6 10. Re1 Be4 11. Ba3 e6 12. Nd2 Bxg2 13. Kxg2 c5 14. e4 Be7 15.
d5 O-O 16. f4 Re8 17. Rad1 exd5 18. cxd5 Qd7 19. c4 Nh5 20. Qf3 g6 21. Bb2 Bf6
22. e5 Be7 23. g4 Ng7 24. h3 Bh4 25. Re2 h5 26. Ne4 f5 27. Nxd6 fxg4 28. hxg4
hxg4 29. Qd3 Rf8 30. Qxg6 1-0

[Event "III Weekend Accademia"]
[Site "Roma ITA"]
[Date "1998.??.??"]
[Round "5"]
[White "Mogranzini, Roberto"]
[Black "Ciampi, Vincenzo"]
[Result "0-1"]
[WhiteElo "1870"]
[BlackElo "2155"]
[PlyCount "82"]
[EventDate "1998.??.??"]

1. e4 g6 2. d4 Bg7 3. Nc3 c6 4. Be3 d6 5. Bc4 Nf6 6. f3 b5 7. Bb3 Nbd7 8. Qd2
a5 9. a4 b4 10. Nce2 Qc7 11. Nf4 c5 12. Bd5 Rb8 13. Nge2 Nb6 14. Ba2 O-O 15.
O-O Bd7 16. dxc5 dxc5 17. Nd3 c4 18. Bf4 Qc8 19. Ne5 Be6 20. Nd4 Qc5 21. Nec6
c3 22. bxc3 bxc3 23. Qf2 Bxa2 24. Bxb8 Rxb8 25. Nf5 Qxf2+ 26. Rxf2 gxf5 27.
Nxb8 Be6 28. Nc6 fxe4 29. fxe4 Nxe4 30. Re2 f5 31. Nxe7+ Kf7 32. Nc6 Bc4 33.
Ree1 Bf8 34. Ne5+ Kf6 35. Nxc4 Nxc4 36. h3 Bc5+ 37. Kh1 Bf2 38. Reb1 Ne3 39.
Rb3 Nxc2 40. Ra2 Ne3 41. Rb6+ Kg5 0-1

[Event "III Weekend Accademia"]
[Site "Roma ITA"]
[Date "1998.??.??"]
[Round "5"]
[White "Monteleone, Antonio"]
[Black "Gardon, Ermanno"]
[Result "0-1"]
[WhiteElo "2165"]
[BlackElo "1818"]
[PlyCount "66"]
[EventDate "1998.??.??"]

1. d4 Nf6 2. c4 c5 3. d5 b5 4. cxb5 a6 5. Nc3 axb5 6. e4 b4 7. Nb5 Ba6 8. e5
Qa5 9. a4 bxa3+ 10. Bd2 Qb6 11. Rxa3 Nxd5 12. Ba5 Qc6 13. Bc4 Nb6 14. Bxb6 Qxb6
15. Qb3 Kd8 16. Nd6 Qxb3 17. Nxf7+ Ke8 18. Bxb3 e6 19. Nd6+ Bxd6 20. exd6 Bb7
21. Ne2 Kf7 22. O-O Ra6 23. Rd1 Nc6 24. Bc4 Rxa3 25. bxa3 Ra8 26. Ra1 Ba6 27.
Bxa6 Rxa6 28. Nc3 Nd4 29. Ne4 Nb3 30. Ra2 c4 31. f3 Rc6 32. a4 c3 33. Rc2 Nd4
0-1

[Event "III Weekend Accademia"]
[Site "Roma ITA"]
[Date "1998.??.??"]
[Round "5"]
[White "Moroni, Marco"]
[Black "Scacco, Mauro"]
[Result "1/2-1/2"]
[WhiteElo "1731"]
[BlackElo "2050"]
[PlyCount "123"]
[EventDate "1998.??.??"]

1. e4 e5 2. Nf3 Nc6 3. Bc4 Bc5 4. O-O d6 5. c3 Qe7 6. d4 Bb6 7. b4 Bg4 8. d5
Nd8 9. a4 a6 10. Be2 Nf6 11. Qd3 O-O 12. Bg5 h6 13. Be3 Nh5 14. Nbd2 f5 15. Nc4
Nf4 16. Bxf4 fxe4 17. Qd1 exf3 18. gxf3 Bh5 19. Bg3 Nf7 20. f4 Bxe2 21. Qxe2
Rae8 22. Rae1 Qf6 23. fxe5 dxe5 24. Qg4 Ng5 25. Nd2 Qf5 26. Qxf5 Rxf5 27. h4
Nh3+ 28. Kg2 Nf4+ 29. Kh2 Nd3 30. Re2 Ref8 31. Ne4 Rd8 32. d6 cxd6 33. Rd2 d5
34. Rxd3 dxe4 35. Rxd8+ Bxd8 36. Re1 Bb6 37. Kg2 e3 38. fxe3 e4 39. c4 a5 40.
bxa5 Rxa5 41. Rb1 Bxe3 42. Re1 Bc5 43. Rxe4 Rxa4 44. Kf3 b6 45. Be5 Ra3+ 46.
Kf4 g6 47. Bc7 Kf7 48. Kg4 h5+ 49. Kf4 Rh3 50. Ke5 Re3 51. Rxe3 Bxe3 52. Kd5
Bf2 53. Bd8 Ke8 54. Bg5 Kf7 55. Bd8 Be3 56. Ke4 Bc5 57. Kd5 Be7 58. Bxb6 Bxh4
59. Ke4 Ke6 60. Bc7 Be7 61. Bf4 g5 62. Bxg5 1/2-1/2

[Event "III Weekend Accademia"]
[Site "Roma ITA"]
[Date "1998.??.??"]
[Round "5"]
[White "Naumkin, Igor"]
[Black "Sibilio, Mario"]
[Result "1/2-1/2"]
[WhiteElo "2435"]
[BlackElo "2330"]
[PlyCount "57"]
[EventDate "1998.??.??"]

1. d4 c5 2. d5 e5 3. e4 d6 4. Nf3 Be7 5. Be2 Nf6 6. Nc3 Nbd7 7. O-O h6 8. Nd2
a6 9. a4 g5 10. Nc4 Nf8 11. a5 Ng6 12. f3 Nh5 13. Na4 Nhf4 14. Nab6 Rb8 15. Ne3
h5 16. Re1 Nxe2+ 17. Qxe2 Kf8 18. Bd2 Bd7 19. b4 cxb4 20. Bxb4 Rg8 21. Ra3 g4
22. Nxd7+ Qxd7 23. fxg4 Nf4 24. Qd1 hxg4 25. Nf5 Rg6 26. Rg3 Qa4 27. Bd2 Rc8
28. Rb3 Bd8 29. Bb4 1/2-1/2

[Event "III Weekend Accademia"]
[Site "Roma ITA"]
[Date "1998.??.??"]
[Round "5"]
[White "Occhipinti, Massimo"]
[Black "Palamides, Carmine"]
[Result "1/2-1/2"]
[WhiteElo "1704"]
[BlackElo "1800"]
[PlyCount "59"]
[EventDate "1998.??.??"]

1. e4 e6 2. Nf3 d5 3. Nc3 Nf6 4. e5 Nfd7 5. d4 c5 6. dxc5 Bxc5 7. Bd3 Nc6 8.
Bf4 a6 9. O-O b5 10. a3 Bb7 11. h4 Qc7 12. Re1 Ba7 13. g3 h6 14. Nxd5 Qb8 15.
Qe2 g5 16. hxg5 hxg5 17. Nxg5 Nd4 18. Qg4 Bxd5 19. Be4 Qb7 20. Nxf7 Kxf7 21.
Qg6+ Kf8 22. Bh6+ Rxh6 23. Qxh6+ Ke7 24. Qg5+ Kf8 25. Qh6+ Ke7 26. Qh4+ Kf8 27.
Qh8+ Ke7 28. Qh4+ Kf8 29. Qh8+ Ke7 30. Qh4+ 1/2-1/2

[Event "III Weekend Accademia"]
[Site "Roma ITA"]
[Date "1998.??.??"]
[Round "5"]
[White "Pagano, Sergio M."]
[Black "Passerotti, Pierluigi"]
[Result "1-0"]
[WhiteElo "2200"]
[BlackElo "2305"]
[PlyCount "146"]
[EventDate "1998.??.??"]

1. d4 d5 2. c4 c6 3. Nf3 Nf6 4. e3 Bf5 5. Nc3 e6 6. Bd3 Bxd3 7. Qxd3 Nbd7 8.
O-O Be7 9. e4 dxe4 10. Nxe4 O-O 11. Bf4 Nxe4 12. Qxe4 Qa5 13. Rfe1 Rfd8 14. b3
Nf6 15. Qe2 Bb4 16. Red1 Qf5 17. Be5 Ne4 18. Qe3 f6 19. Bg3 Nxg3 20. hxg3 Re8
21. Qd3 Qh5 22. Qe4 Rad8 23. Rd3 Ba5 24. Rad1 Bb6 25. b4 Qg6 26. Qe2 a5 27. a3
axb4 28. axb4 Rd7 29. R3d2 Qg4 30. d5 cxd5 31. cxd5 Rd6 32. Qb5 Red8 33. dxe6
Qxe6 34. Re1 Qd7 35. Qc4+ Kh8 36. Rde2 Rd1 37. Rxd1 Qxd1+ 38. Re1 Qd7 39. Qe6
Qxe6 40. Rxe6 Bc7 41. Re7 Rc8 42. Nd4 Be5 43. Ne6 b6 44. Nxg7 Rc4 45. Nf5 h5
46. f4 Bc3 47. b5 Rb4 48. Nd6 Bd4+ 49. Kf1 Rb2 50. Re8+ Kh7 51. Nf5 Bc5 52. Re6
Kg6 53. Nh4+ Kf7 54. Rc6 Rxb5 55. f5 Rb3 56. Rc7+ Kg8 57. Rc6 Kf7 58. Rc7+ Ke8
59. Rc6 Ke7 60. Ng6+ Kf7 61. Nf4 Rxg3 62. Nxh5 Rg5 63. Rxf6+ Ke7 64. Re6+ Kd7
65. Nf6+ Kc7 66. g4 Bd4 67. Nd5+ Kd7 68. Re4 Bc5 69. Nf6+ Kc6 70. Kg2 b5 71.
Kf3 b4 72. Kf4 Rg7 73. Re6+ Kb5 1-0

[Event "III Weekend Accademia"]
[Site "Roma ITA"]
[Date "1998.??.??"]
[Round "5"]
[White "Pezzaldi, Roberto"]
[Black "Coppini, Giorgio"]
[Result "1/2-1/2"]
[WhiteElo "2095"]
[BlackElo "2195"]
[PlyCount "98"]
[EventDate "1998.??.??"]

1. c4 e5 2. Nc3 Bb4 3. g3 Nf6 4. Bg2 O-O 5. Nf3 Bxc3 6. bxc3 e4 7. Nd4 d6 8.
O-O Qe7 9. d3 Nc6 10. Nxc6 bxc6 11. Bg5 exd3 12. exd3 Bd7 13. Re1 Qd8 14. Qf3
Rb8 15. Rab1 Rb6 16. Bxf6 Qxf6 17. Qxf6 gxf6 18. d4 Rfb8 19. Be4 h6 20. Kg2 Kf8
21. Rxb6 axb6 22. Rb1 Ra8 23. Rb2 Ra4 24. Bd3 Be6 25. Kf3 Bxc4 26. Bxc4 Rxc4
27. Rc2 b5 28. Ke3 b4 29. Kd3 Rxc3+ 30. Rxc3 bxc3 31. Kxc3 Ke7 32. Kb4 Kd7 33.
Ka5 Kc8 34. Ka6 Kb8 35. g4 f5 36. gxf5 f6 37. h4 h5 38. Ka5 Kb7 39. Kb4 c5+ 40.
dxc5 d5 41. Kb5 c6+ 42. Ka5 Ka7 43. Kb4 Ka6 44. Ka4 Kb7 45. Kb4 Ka7 46. Ka4 Kb7
47. Kb4 Ka6 48. Ka4 Ka7 49. Ka5 Kb7 1/2-1/2

[Event "III Weekend Accademia"]
[Site "Roma ITA"]
[Date "1998.??.??"]
[Round "5"]
[White "Piacentini, Carlo"]
[Black "Turturici, Pellegrino"]
[Result "1-0"]
[WhiteElo "1650"]
[BlackElo "1743"]
[PlyCount "69"]
[EventDate "1998.??.??"]

1. c4 e6 2. Nf3 d5 3. g3 Nf6 4. Bg2 c5 5. cxd5 exd5 6. O-O Bd6 7. d4 h6 8. Nc3
O-O 9. dxc5 Bxc5 10. Qb3 Nc6 11. Rd1 Qe7 12. e3 Bf5 13. a3 Rfe8 14. Bd2 Be4 15.
Qa2 Ne5 16. Nxe4 dxe4 17. Nxe5 Qxe5 18. Bc3 Qf5 19. Bxf6 Qxf6 20. b4 Bb6 21.
Qd5 a5 22. b5 Rad8 23. Qxb7 Rc8 24. Rac1 Rb8 25. Qc6 Qb2 26. a4 Rbc8 27. Qxc8
Rxc8 28. Rxc8+ Kh7 29. Bxe4+ g6 30. Rc4 Qe2 31. Rdc1 Kg7 32. R1c2 Qd1+ 33. Kg2
h5 34. Rc6 h4 35. Rxb6 1-0

[Event "III Weekend Accademia"]
[Site "Roma ITA"]
[Date "1998.??.??"]
[Round "5"]
[White "Pierangeli, Andrea"]
[Black "De Vita, Gianni"]
[Result "1-0"]
[WhiteElo "1810"]
[BlackElo "2160"]
[PlyCount "75"]
[EventDate "1998.??.??"]

1. e4 c5 2. Nf3 Nc6 3. Nc3 e5 4. Bc4 Be7 5. O-O Nf6 6. d3 O-O 7. Be3 d6 8. Qd2
a6 9. a4 Bg4 10. Ne1 Nb4 11. f4 exf4 12. Bxf4 d5 13. exd5 Nfxd5 14. Nxd5 Nxd5
15. Nf3 Bf6 16. c3 Re8 17. Rae1 Rxe1 18. Nxe1 Qd7 19. Bg5 Be5 20. Nc2 b5 21.
axb5 axb5 22. Bxd5 Qxd5 23. Bf4 Be6 24. Bxe5 Qxe5 25. d4 Qd6 26. Qf2 cxd4 27.
Nxd4 Qd7 28. Nxe6 Qxe6 29. Re1 Qd7 30. Qe3 h6 31. Qe7 Qd5 32. Qe5 Qb3 33. Re2
Ra1+ 34. Kf2 Ra6 35. Qe8+ Kh7 36. Qe4+ Kg8 37. Qc2 Qc4 38. Re8# 1-0

[Event "III Weekend Accademia"]
[Site "Roma ITA"]
[Date "1998.??.??"]
[Round "5"]
[White "Quimi, Marco"]
[Black "Farina, Saverio"]
[Result "0-1"]
[WhiteElo "2225"]
[BlackElo "2200"]
[PlyCount "98"]
[EventDate "1998.??.??"]

1. e4 e6 2. d4 d5 3. e5 c5 4. c3 Qb6 5. Nf3 Nc6 6. Be2 cxd4 7. cxd4 Nh6 8. b3
Nf5 9. Bb2 Bb4+ 10. Kf1 O-O 11. g4 Nh6 12. h3 f6 13. exf6 Rxf6 14. g5 Rxf3 15.
gxh6 Rf6 16. Nd2 e5 17. Nc4 dxc4 18. Bxc4+ Be6 19. Rg1 Bxc4+ 20. bxc4 g6 21.
Rg2 Nxd4 22. Rb1 Qc5 23. Bxd4 Qxc4+ 24. Qe2 Qxd4 25. Rg4 Rf4 26. a3 Bc5 27.
Qa2+ Kh8 28. Rxf4 Qxf4 29. Rxb7 Rf8 30. Qc2 Qd4 31. Rb2 Qxf2+ 32. Qxf2 Rxf2+
33. Rxf2 Bxf2 34. Kxf2 Kg8 35. Ke3 Kf7 36. a4 Ke6 37. a5 Kf5 38. a6 g5 39. Kf3
e4+ 40. Ke3 Ke5 41. Ke2 Kf4 42. Kf2 e3+ 43. Ke2 Ke4 44. Ke1 Kf3 45. Kf1 Kg3 46.
Ke2 Kxh3 47. Kxe3 g4 48. Kf4 g3 49. Kf5 g2 0-1

[Event "III Weekend Accademia"]
[Site "Roma ITA"]
[Date "1998.??.??"]
[Round "5"]
[White "Russi, Roberto"]
[Black "Terreni, Fabio"]
[Result "1-0"]
[WhiteElo "1780"]
[BlackElo "1708"]
[PlyCount "103"]
[EventDate "1998.??.??"]

1. c4 Nf6 2. Nc3 g6 3. g3 c5 4. Bg2 Nc6 5. Nf3 Bg7 6. d3 Rb8 7. O-O O-O 8. e4
d6 9. h3 Ne8 10. a4 a6 11. Be3 Nc7 12. Qd2 Re8 13. Bh6 Bh8 14. Rab1 b5 15. axb5
axb5 16. b3 b4 17. Ne2 Ne6 18. Be3 Qb6 19. Rfd1 Bb7 20. Kh2 Ra8 21. d4 Na5 22.
d5 Nf8 23. h4 Nd7 24. h5 Nf6 25. hxg6 hxg6 26. Qd3 Bc8 27. Rh1 Nb7 28. Kg1 Ra3
29. Bc1 Ra2 30. Bh3 Qc7 31. Nf4 Bxh3 32. Rxh3 Ng4 33. Be3 Qd7 34. Ng5 Rea8 35.
f3 Nxe3 36. Rh7 Bf6 37. Rxf7 Bxg5 38. e5 Nf5 39. e6 Qc7 40. Nxg6 Be3+ 41. Kf1
Nxg3+ 42. Ke1 Re2+ 43. Qxe2 Nxe2 44. Kxe2 Bg5 45. Rg1 Ra2+ 46. Kd3 Rd2+ 47. Ke4
Re2+ 48. Kf5 Re5+ 49. Nxe5 dxe5 50. Rxg5+ Kh8 51. Rh5+ Kg8 52. Kg6 1-0

[Event "III Weekend Accademia"]
[Site "Roma ITA"]
[Date "1998.??.??"]
[Round "5"]
[White "Satta, Vladimiro"]
[Black "Vignato, Giovanni"]
[Result "1/2-1/2"]
[WhiteElo "2230"]
[BlackElo "2150"]
[PlyCount "49"]
[EventDate "1998.??.??"]

1. e4 c6 2. d3 d5 3. Nd2 e5 4. Ngf3 Bd6 5. d4 exd4 6. exd5 c5 7. Bb5+ Bd7 8.
Qe2+ Ne7 9. Ne4 Qc7 10. Bg5 f6 11. Bh4 O-O 12. Nxd6 Qxd6 13. Bg3 Bxb5 14. Bxd6
Bxe2 15. Kxe2 Re8 16. Bxc5 Nxd5+ 17. Kd2 Nf4 18. Rhe1 Nc6 19. Rxe8+ Rxe8 20.
Re1 Rxe1 21. Nxe1 Kf7 22. Bd6 Ng6 23. Nd3 Ke6 24. Bg3 Kd5 25. f3 1/2-1/2

[Event "III Weekend Accademia"]
[Site "Roma ITA"]
[Date "1998.??.??"]
[Round "5"]
[White "Simeone, Giulio"]
[Black "Marta, Daniele"]
[Result "0-1"]
[WhiteElo "1717"]
[BlackElo "1888"]
[PlyCount "92"]
[EventDate "1998.??.??"]

1. c4 d6 2. Nc3 Nf6 3. d4 g6 4. e4 Bg7 5. f3 O-O 6. Be3 Nbd7 7. Qd2 c5 8. d5
Ne5 9. Bh6 a6 10. Bxg7 Kxg7 11. f4 Ned7 12. Nf3 Qa5 13. Bd3 Rb8 14. O-O b5 15.
e5 dxe5 16. fxe5 Ng4 17. Qe2 Qb6 18. h3 bxc4 19. Bxc4 Nh6 20. b3 Nf5 21. Ne4
Qc7 22. g4 Nxe5 23. gxf5 Bxf5 24. Qb2 f6 25. d6 exd6 26. Nxe5 dxe5 27. Nf2 e4
28. Qc3 Qf4 29. Rfe1 Rbe8 30. Qe3 Qd6 31. Rad1 Qb6 32. Rd5 Qa5 33. Rxc5 Qb6 34.
Rd5 Qb7 35. Red1 Be6 36. Rd6 Bxc4 37. bxc4 Rf7 38. Qb6 e3 39. Ng4 Qf3 40. Qc6
Qg3+ 41. Qg2 Qf4 42. R6d4 e2 43. Rxf4 exd1=Q+ 44. Rf1 Qd4+ 45. Kh1 Qxc4 46. Qf3
Qe4 0-1

[Event "III Weekend Accademia"]
[Site "Roma ITA"]
[Date "1998.??.??"]
[Round "5"]
[White "Spano' Cuomo, Gaetano"]
[Black "Vigile, Matteo"]
[Result "0-1"]
[WhiteElo "1866"]
[BlackElo "1774"]
[PlyCount "82"]
[EventDate "1998.??.??"]

1. e4 e5 2. Nf3 Nc6 3. d3 Bc5 4. Be2 d6 5. c3 Nge7 6. b4 Bb6 7. a4 a6 8. Na3
O-O 9. Nc4 Ba7 10. b5 Nb8 11. Bd2 f5 12. O-O Be6 13. Ng5 Bxc4 14. dxc4 Qd7 15.
exf5 Nxf5 16. Bf3 c6 17. Qb1 Bc5 18. Ne4 Nh4 19. Be2 axb5 20. Nxc5 dxc5 21. Bg5
Ng6 22. cxb5 cxb5 23. axb5 Rxa1 24. Qb3+ Kh8 25. Rxa1 Qf5 26. Be3 Nf4 27. Bf1
Nd7 28. Qd1 Nf6 29. g3 Nh3+ 30. Bxh3 Qxh3 31. Qf1 Qc8 32. Qc4 b6 33. Ra7 Qf5
34. Qa4 Nd5 35. Ra8 Qb1+ 36. Kg2 Nxe3+ 37. Kh3 Qf5+ 38. g4 Qf3+ 39. Kh4 Ng2+
40. Kg5 Qf6+ 41. Kh5 Qh6# 0-1

[Event "III Weekend Accademia"]
[Site "Roma ITA"]
[Date "1998.??.??"]
[Round "5"]
[White "Spaziani, Gianni"]
[Black "Trebeschi, Andrea"]
[Result "1-0"]
[WhiteElo "1689"]
[BlackElo "1759"]
[PlyCount "79"]
[EventDate "1998.??.??"]

1. d4 Nf6 2. c4 g6 3. Nc3 Bg7 4. g3 d6 5. Bg2 O-O 6. Nf3 Nbd7 7. O-O c6 8. Qc2
Qc7 9. Re1 b6 10. Bd2 Bb7 11. Rac1 c5 12. Nb5 Qd8 13. d5 a6 14. Nc3 Qc7 15. e4
Ne8 16. Bg5 Ne5 17. Nxe5 Bxe5 18. Bh6 Bg7 19. Bxg7 Nxg7 20. f4 Rae8 21. Rcd1
Bc8 22. Rd2 Bd7 23. Qd3 Rb8 24. e5 Bf5 25. Qf3 Rfe8 26. g4 Bd7 27. Ne4 Kh8 28.
Ng5 f6 29. Nf7+ Kg8 30. e6 Bc8 31. Re3 Rf8 32. Qh3 Bb7 33. Be4 Rxf7 34. exf7+
Kxf7 35. Qxh7 Rg8 36. Bxg6+ Kf8 37. Rde2 Qd7 38. f5 e5 39. fxe6 Qe7 40. Bf7 1-0

[Event "III Weekend Accademia"]
[Site "Roma ITA"]
[Date "1998.??.??"]
[Round "5"]
[White "Verrascina, Nicola"]
[Black "Scagliarini, Bruno"]
[Result "1-0"]
[WhiteElo "2145"]
[BlackElo "1758"]
[PlyCount "39"]
[EventDate "1998.??.??"]

1. e4 e6 2. d4 d5 3. Nc3 Bb4 4. e5 c5 5. dxc5 Nc6 6. Nf3 Nge7 7. Bd3 Bxc3+ 8.
bxc3 Ng6 9. O-O Qa5 10. Re1 Qxc5 11. a4 Qxc3 12. Ba3 Ngxe5 13. Nxe5 Nxe5 14.
Bb5+ Bd7 15. Bd6 f6 16. Ra3 Qa5 17. Rxe5 fxe5 18. Qh5+ g6 19. Qxe5 Rg8 20.
Qxe6+ 1-0

[Event "III Weekend Accademia"]
[Site "Roma ITA"]
[Date "1998.??.??"]
[Round "6"]
[White "Campagna, Maurizio"]
[Black "Terreni, Fabio"]
[Result "0-1"]
[WhiteElo "1723"]
[BlackElo "1708"]
[PlyCount "74"]
[EventDate "1998.??.??"]

1. d4 g6 2. c4 Nf6 3. f3 Bg7 4. e4 d6 5. Nc3 O-O 6. Be3 e5 7. d5 Ne8 8. Qd2 f5
9. Bd3 f4 10. Bf2 a5 11. Nge2 Rf7 12. a3 Nd7 13. O-O g5 14. g4 Nef6 15. b4 b6
16. Na4 Bf8 17. Rfc1 h5 18. h3 hxg4 19. hxg4 Rh7 20. Kg2 axb4 21. axb4 Qe8 22.
Nac3 Rxa1 23. Rxa1 Qf7 24. Ng1 Nxg4 25. fxg4 Nf6 26. Be2 Bxg4 27. Kf1 Rh2 28.
Ke1 Bxe2 29. Ngxe2 Qh5 30. c5 bxc5 31. bxc5 g4 32. Ra8 g3 33. Bg1 Qh4 34. Kd1
f3 35. Qe1 f2 36. Qf1 fxg1=Q 37. Qxg1 Rh1 0-1

[Event "III Weekend Accademia"]
[Site "Roma ITA"]
[Date "1998.??.??"]
[Round "6"]
[White "Ciampi, Vincenzo"]
[Black "Pierangeli, Andrea"]
[Result "1-0"]
[WhiteElo "2155"]
[BlackElo "1810"]
[PlyCount "79"]
[EventDate "1998.??.??"]

1. e4 c5 2. Nf3 d6 3. d4 cxd4 4. Nxd4 Nf6 5. Nc3 a6 6. Be2 e5 7. Nb3 Be6 8. g4
h6 9. g5 hxg5 10. Bxg5 Nbd7 11. Qd2 Qc7 12. h4 Bc4 13. O-O-O b5 14. Bd3 Nb6 15.
Kb1 b4 16. Ne2 a5 17. Bxf6 gxf6 18. Bxc4 Nxc4 19. Qd5 Rc8 20. Qb5+ Ke7 21. c3
Bh6 22. Rh3 Rb8 23. Qa4 Rhd8 24. Rd5 Nb6 25. Qxa5 Nxd5 26. Qxd5 Qa7 27. Rf3 Ra8
28. Nbd4 exd4 29. Nxd4 Ke8 30. Rg3 Qa4 31. Rg8+ Bf8 32. Nf5 Qxa2+ 33. Qxa2 Rxa2
34. Kxa2 d5 35. h5 dxe4 36. h6 bxc3 37. bxc3 Rd2+ 38. Kb3 Rxf2 39. h7 Rxf5 40.
h8=Q 1-0

[Event "III Weekend Accademia"]
[Site "Roma ITA"]
[Date "1998.??.??"]
[Round "6"]
[White "Coppini, Giorgio"]
[Black "Ferri, Stefano"]
[Result "1-0"]
[WhiteElo "2195"]
[BlackElo "1933"]
[PlyCount "98"]
[EventDate "1998.??.??"]

1. e4 c5 2. Nc3 Nc6 3. g3 e6 4. Bg2 Nge7 5. Nge2 d5 6. exd5 Nxd5 7. Nxd5 exd5
8. d4 Be6 9. O-O Be7 10. c4 Nxd4 11. Nxd4 cxd4 12. Qxd4 Bf6 13. Qc5 dxc4 14.
Bxb7 Be7 15. Qb5+ Kf8 16. Bxa8 Qxa8 17. Rd1 h5 18. Bf4 Kg8 19. Qb8+ Qxb8 20.
Bxb8 Bf6 21. Bxa7 Bxb2 22. Rd8+ Kh7 23. Rxh8+ Kxh8 24. Rd1 c3 25. Rd8+ Kh7 26.
Bd4 Bxa2 27. Rc8 Be6 28. Rc7 Bc1 29. Bxc3 Bh6 30. Bd4 Bd2 31. f3 Ba5 32. Rc5
Bb6 33. Rxh5+ Kg6 34. Rh4 Bd8 35. Rh8 Ba5 36. Kf2 Bd2 37. f4 f6 38. h3 Kf7 39.
Be3 Bb4 40. g4 Bf8 41. Rh5 Bb4 42. Rb5 Bc3 43. Rb7+ Kg8 44. Kg3 Be1+ 45. Bf2
Bd2 46. f5 Bf7 47. h4 Bc3 48. Be3 Be5+ 49. Bf4 Bc4 1-0

[Event "III Weekend Accademia"]
[Site "Roma ITA"]
[Date "1998.??.??"]
[Round "6"]
[White "Corvi, Marco"]
[Black "Satta, Vladimiro"]
[Result "1/2-1/2"]
[WhiteElo "2320"]
[BlackElo "2230"]
[PlyCount "42"]
[EventDate "1998.??.??"]

1. e4 e6 2. d3 d5 3. Nd2 c5 4. Ngf3 Nc6 5. g3 Nf6 6. Bg2 Be7 7. O-O O-O 8. e5
Nd7 9. Re1 Qc7 10. Qe2 b5 11. h4 Bb7 12. Nf1 Nd4 13. Nxd4 cxd4 14. Bf4 Rfc8 15.
Rec1 Qb6 16. Nh2 Rc6 17. Nf3 Rac8 18. h5 Bc5 19. Ng5 Be7 20. Nf3 Bc5 21. Ng5
Be7 1/2-1/2